00457nam a2200133 a 450000100100000000500170001000800410002704000250006824500780009324600430017126000540021430000270026850400280029500004346320201002040933.0140319s2013 dr a 000 0 spa d aDO-SdBNPbspacBNPHU00aAgenda Feminista Dominicana :bmás allá de los objetivos del milenio.11aAgenda Feminista Dominicanab2014-2020 aSanto Domingo, :bFondo Feminista,c2013.fBúho a75 p. :bil. ;c21 cm. aBibliografía p: 69-75